| 000 -LEADER |
| fixed length control field |
nam a22 7a 4500 |
| 005 - DATE AND TIME OF LATEST TRANSACTION |
| control field |
20190212071833.0 |
| 008 - FIXED-LENGTH DATA ELEMENTS--GENERAL INFORMATION |
| fixed length control field |
190212b xxu||||| |||| 00| 0 eng d |
| 020 ## - IDENTIFIER FOR THE MANIFESTATION |
| Identifier for the Manifestation |
0385414269 |
| Binding |
paperback |
| 040 ## - CATALOGING SOURCE |
| Language of Cataloging |
eng |
| Transcribing Agency |
APEC Schools Library |
| Description Conventions |
rda |
| 082 ## - DEWEY DECIMAL CLASSIFICATION NUMBER |
| Classification number |
C 155.2 |
| Author's Number |
B864b 1992 |
| 100 ## - CREATOR |
| Preferred Name of the Person |
Brodzinsky, David M., |
| Title/Other Designation Associated/Field of Activity/Profession of the Person |
Ph.D. |
| 245 ## - TITLE AND STATEMENT OF RESPONSIBILITY |
| Preferred Title Proper |
Being adopted : |
| Remainder of Title |
the lifelong search for self / |
| Statement of Responsibility/Parallel Statement of Responsibility |
David M. Brodzinsky, Ph.D., |
| -- |
Marshall D. Schechter, M.D., |
| -- |
Robin Marantz Henig |
| 264 ## - PUBLICATION STATEMENT |
| Place of publication, distribution, etc |
New York : |
| Publisher's Name/Parallel Publisher's Name |
Anchor Books, |
| Copyright |
©1992. |
| 300 ## - PHYSICAL DESCRIPTION |
| Extent |
ix, 213 pages ; |
| Dimensions |
18 cm. |
| 336 ## - RDA CONTENT |
| Source |
rdacontent |
| Content Type |
text |
| 337 ## - RDA MEDIA |
| Source |
rdamedia |
| Media Type |
unmediated |
| 338 ## - RDA CARRIER |
| Source |
rdacarrier |
| Carrier Type |
volume |
| 504 ## - BIBLIOGRAPHY, ETC. NOTE |
| Bibliography, etc |
Includes bibliographical references and index. |
| 600 ## - ADDED SUBJECT ACCESS POINT - PERSONAL NAME |
| Preferred Name of the Person |
Schechter, Marshall D., |
| Title of a Work |
M.D., |
| 600 ## - ADDED SUBJECT ACCESS POINT - PERSONAL NAME |
| Preferred Name of the Person |
Henig, Robin Marantz |
| 650 ## - ADDED SUBJECT ACCESS POINT - TOPICAL TERM |
| Topical Term |
Adoptees--Psychology. |
| 650 ## - ADDED SUBJECT ACCESS POINT - TOPICAL TERM |
| Topical Term |
Children, Adopted--Psychology. |
| 942 ## - ADDED ENTRY ELEMENTS (KOHA) |
| Source of Classification |
|
| Koha Item Type |
Books |